| 000 | 00427nam a2200157Ia 4500 | ||
|---|---|---|---|
| 005 | 20250701155515.0 | ||
| 008 | 240331s9999 xx 000 0 und d | ||
| 020 | _a9552021529 | ||
| 082 |
_bMAH _a398 |
||
| 100 | _aMahendra,S | ||
| 245 | 0 | _aKatha kawaya | |
| 260 |
_aColombo _bS. Godage & Brothers _c1997 |
||
| 300 | _a152 p ., | ||
| 500 | _aA collection of folktales relevant to the study of comparative folklore | ||
| 942 | _cL | ||
| 999 |
_c5110 _d5110 |
||